Top 5 Songs On In Rainbows (Radiohead) - Statistics

General Stats
  • This quiz has been taken 65 times
  • The average score is 5 of 5
Answer Stats
Hint Answer % Correct
129,101,241 Weird Fishes/ Arpeggi
98%
87,829,024 Jigsaw Falling Into Place
93%
74,859,535 All I Need
92%
91,583,755 Nude
90%
67,553,475 Reckoner
78%
No matching quizzes found
Score Distribution
Percent of People with Each Score
Percentile by Number Answered
Your Score History
You have not taken this quiz